LIBRARY & INFORMATION CENTRE, KCAET, TAVANUR

ONLINE PUBLIC ACCESS CATALOGUE (OPAC)

Computer fundamentals: Concepts, systems and applications / (Record no. 12989)

MARC details
000 -LEADER
fixed length control field 00620cam a2200241ua 4500
041 ## - LANGUAGE CODE
Language code of text/sound track or separate title eng
082 ## - DEWEY DECIMAL CLASSIFICATION NUMBER
Classification number 004.1
Item number SIN/CO
100 ## - MAIN ENTRY--AUTHOR NAME
Personal name Sinha, Pradeep K .
245 ## - TITLE STATEMENT
Title Computer fundamentals: Concepts, systems and applications /
260 ## - PUBLICATION, DISTRIBUTION, ETC. (IMPRINT)
Place of publication New Delhi :
Name of publisher B P B Publishers ,
Year of publication 2003.
300 ## - PHYSICAL DESCRIPTION
Number of Pages ; .
700 1# - ADDED ENTRY--PERSONAL NAME
Personal name Sinha, Prithi .
942 ## - ADDED ENTRY ELEMENTS (KOHA)
Koha item type Books
Holdings
Withdrawn status Lost status Damaged status Home library Current library Date acquired Full call number Accession Number Koha item type
      KAUAET KAUAET 07/04/2012 004.1 21167 Books
      KAUAET KAUAET 07/04/2012 004.1 21667 Books
      KAUAET KAUAET 07/04/2012 004.1 21641 Books
      KAUAET KAUAET 07/04/2012 004.1 21668 Books
      KAUAET KAUAET 07/04/2012 004.1 21669 Books
      KAUAET KAUAET 07/04/2012 004.1 21670 Books
free website counter